| 000 | 00914nam a22002777a 4500 | ||
|---|---|---|---|
| 001 | 6357 | ||
| 003 | FISKH | ||
| 005 | 20250512151845.0 | ||
| 008 | 250424b cb ||||| |||| 00| 0 eng d | ||
| 020 | _a9780590447256 | ||
| 040 |
_aFISKH _beng _cFISKH _dFISKH |
||
| 050 | _aPZ8.G94 I | ||
| 082 | _a808.068 | ||
| 100 | _aGuarino, Deborah | ||
| 245 |
_aIs your mama a Llama? _cWritten by by Deborah Guarino ; Illustrated by Steven Kellogg |
||
| 260 |
_aNew York : _bScholastic, _c1989. |
||
| 300 |
_a32 unnumbered pages : _bcolor illustrations ; _c26 cm |
||
| 505 | _aE | ||
| 520 | _aA young llama asks his friends if their mamas are llamas and finds out, in rhyme, that their mothers are other types of animals. | ||
| 521 | 8 |
_a290
_bLexile |
|
| 521 | 8 |
_aE
_bRaz-Plus |
|
| 650 |
_aBaby Animals _vBig Book |
||
| 700 |
_aKellogg, Steven _eillustrator |
||
| 942 |
_2ddc _cBK _n0 |
||
| 999 |
_c6357 _d6357 |
||